000 00364nam a2200121 a 4500
005 20260222122926.0
008 260221s2026##################000#0#eng##
020 _a9781403918048
082 0 4 _a338.64
_bTRA
100 _aTraù, Fabrizio
245 1 0 _aStructural Macroeconomic Change and the Size Pattern of Manufacturing Firms
_c/ Fabrizio Traù
942 _cENGLISH
999 _c615274
_d615274